000 00356 a2200157 4500
001 164261
020 _a
040 _cMagnum
100 _aMuylaerte, Anna
240 1 0 _aO diário de bordo de Etelvaldo
_lpor
245 1 0 _aO diário de bordo de Etelvaldo
362 0 _a1899
440 1 _aCompanhia das Letrinhas
697 _aIJ/FICCAO
942 _cBK
999 _c164261
_d164261